Zdobywcy Pucharu Polski w siatkówce kobiet - Statystyki

Ogólne statystyki
  • Ten quiz został rozwiązany 11 razy
  • Średni wynik to 24 z 67
Statystyki odpowiedzi
Sezon Zdobywca % Poprawnych
1975/1976 ŁKS Łódź
90%
1981/1982 ŁKS Łódź
90%
1985/1986 ŁKS Łódź
90%
2016/2017 Chemik Police
80%
2018/2019 Chemik Police
80%
2019/2020 Grupa Azoty Chemik Police
80%
2020/2021 Grupa Azoty Chemik Police
80%
2022/2023 Grupa Azoty Chemik Police
80%
2013/2014 KPS Chemik Police
80%
2015/2016 KPS Chemik Police
80%
2010/2011 Bank BPS Muszynianka Fakro Muszyna
70%
1978/1979 BKS Stal Bielsko-Biała
70%
1987/1988 BKS Stal Bielsko-Biała
70%
1988/1989 BKS Stal Bielsko-Biała
70%
1989/1990 BKS Stal Bielsko-Biała
70%
2003/2004 BKS Stal Bielsko-Biała
70%
2005/2006 BKS Stal Bielsko-Biała
70%
2008/2009 BKS Aluprof Bielsko-Biała
60%
2021/2022 Developres Bella Dolina Rzeszów
60%
2009/2010 Organika Budowlani Łódź
60%
2023/2024 BKS BOSTIK ZGO Bielsko-Biała
50%
2017/2018 Budowlani Łódź
50%
2011/2012 Tauron MKS Dąbrowa Górnicza
40%
2012/2013 Tauron MKS Dąbrowa Górnicza
40%
2014/2015 Atom Trefl Sopot
30%
1932 AZS Warszawa
30%
1933 AZS Warszawa
30%
1934 AZS Warszawa
30%
1935 AZS Warszawa
30%
1936 AZS Warszawa
30%
1991/1992 Pałac Polfrost Bydgoszcz
30%
1959/1960 Wisła Kraków
30%
1960/1961 Wisła Kraków
30%
1995/1996 Augusto Kalisz
20%
1997/1998 Augusto Kalisz
20%
1998/1999 Augusto Kalisz
20%
2000/2001 Centrostal Bydgoszcz
20%
2004/2005 Centrostal Bydgoszcz
20%
1999/2000 PTPS Nafta Gaz Piła
20%
2001/2002 PTPS Nafta Gaz Piła
20%
2002/2003 PTPS Nafta Gaz Piła
20%
2006/2007 Winiary Kalisz
20%
1993/1994 ARS Komfort Police
10%
1992/1993 Chemik Police
10%
1994/1995 Chemik Police
10%
1980/1981 Czarni Słupsk
10%
1983/1984 Czarni Słupsk
10%
1984/1985 Czarni Słupsk
10%
1986/1987 Czarni Słupsk
10%
1990/1991 Czarni Słupsk
10%
1996/1997 Dick Black La Festa Andrychów
10%
2007/2008 Farmutil Piła
10%
1952 Kolejarz Gdańsk
10%
1953 Kolejarz Gdańsk
10%
1953/1954 Kolejarz Gdańsk
10%
1954 Kolejarz Gdańsk
10%
1972/1973 Kolejarz Katowice
10%
1976/1977 Kolejarz Katowice
10%
1969/1970 Start Łódź
10%
1970/1971 Start Łódź
10%
1971/1972 Start Łódź
10%
1973/1974 Start Łódź
10%
1977/1978 Start Łódź
10%
1982/1983 Start Łódź
10%
1974/1975 Zawisza Sulechów
10%
1950 Spójnia Marymont Warszawa
0%
1951 Spójnia Warszawa
0%
Nie znaleziono quizów pasujących do podanych kryteriów
Rozkład punktacji
Procent ludzi z każdym wynikiem
Percentyl według liczby udzielonych odpowiedzi
Twoja historia wyników
Nie rozwiązałeś tego quizu